Städte in Brandenburg und Meck-Pom - Bilderquiz - Statistiken

Allgemein
  • Dieses Quiz wurde 23 mal gespielt
  • Das Durchschnittsergebnis liegt bei 8 aus 16
Antwortstatistiken
Bildquiz Antwort % Korrekt
Potsdam
95%
Schwerin
95%
Rostock
76%
Stralsund
76%
Greifswald
67%
Brandenburg (Havel)
62%
Cottbus
57%
Wismar
52%
Frankfurt (Oder)
43%
Neubrandenburg
43%
Oranienburg
43%
Binz
24%
Waren (Müritz)
19%
Neuruppin
14%
Schwedt (Oder)
14%
Prenzlau
10%
Keine übereinstimmenden Quizze gefunden
Verteilung der Resultate
Anzahl Personen mit jedem Resultat
Perzentil nach korrekt beantworteten Fragen
Ihre Resultats-Entwicklung
Sie haben dieses Quiz noch nicht gespielt